Persiapan pengurusan bencana Tentera Darat Malaysia (TDM) bagi menghadapi banjir
Saved in:
| Main Author: | |
|---|---|
| Corporate Author: | |
| Format: | Thesis Book |
| Language: | Malay |
| Series: | Thesis
Tesis |
| Subjects: | |
| Tags: |
Add Tag
No Tags, Be the first to tag this record!
|
| Call Number : | the HV 551.2 .M33 2018 |
MARC
| LEADER | 00000nam a2200000 c 4500 | ||
|---|---|---|---|
| 001 | 53517 | ||
| 003 | MY-KLNDU | ||
| 005 | 20241219014458.0 | ||
| 008 | 190815 2018 my a abm 000 0 may d | ||
| 039 | 9 | |a 201910011533 |b dewi |c 201909301241 |d dewi |c 201908151123 |d faezah |y 201908151119 |z faezah | |
| 040 | |a UPNM |b eng |c UPNM |e rda | ||
| 064 | 1 | |a Kuala Lumpur |b Universiti Pertahanan Nasional Malaysia |c 2018 | |
| 090 | |a the HV 551.2 |b .M33 2018 | ||
| 100 | 0 | |a Mohd Das Md Isa |c Mejar |e author | |
| 245 | 1 | 0 | |a Persiapan pengurusan bencana Tentera Darat Malaysia (TDM) bagi menghadapi banjir |c Mejar Hj Mohd Das Md Isa TUDM |
| 300 | |a xiv, 150 leaves |b illustrations |c 30 cm.+ |e 1 CD ROM (4 3/4 in) | ||
| 336 | |a text |2 rdacontent | ||
| 337 | |a unmediated |2 rdamedia | ||
| 338 | |a volume |2 rdacarrier | ||
| 490 | 1 | |a Thesis | |
| 490 | 1 | |a Tesis | |
| 500 | |a The book is accompanied by 1 CD ROM bearing the same call number and available at the circulation counter | ||
| 502 | |a Thesis (Master of Science: Resource Management) -- Universiti Pertahanan Nasional Malaysia, Julai 2018 | ||
| 504 | |a Includes bibliographical references | ||
| 592 | |b 22/4/2019 |c Hadiah & Sumbangan |h c Nor Hazimah Abd Aziz | ||
| 650 | 0 | |a Disasters management | |
| 650 | 0 | |a Emergency management |z Malaysia | |
| 650 | 0 | |a Natural disasters | |
| 651 | 0 | |a Malaysia |x Armed Forces | |
| 710 | 2 | |a Universiti Pertahanan Nasional Malaysia | |
| 830 | 0 | |a Thesis | |
| 830 | 0 | |a Tesis | |
| 999 | |a vtls000064763 |c 53517 |d 53517 | ||